ESSENTIAL PEDIATRICS (Record no. 83627)

MARC details
000 -LEADER
fixed length control field 00527nam a22002057a 4500
005 - DATE AND TIME OF LATEST TRANSACTION
control field 20230603115835.0
008 - FIXED-LENGTH DATA ELEMENTS--GENERAL INFORMATION
fixed length control field 221205b |||||||| |||| 00| 0 eng d
020 ## - INTERNATIONAL STANDARD BOOK NUMBER
International Standard Book Number 9789387964105
041 ## - LANGUAGE CODE
Language code of text/sound track or separate title eng.
082 ## - DEWEY DECIMAL CLASSIFICATION NUMBER
Edition number 610
Classification number 610
Item number GHA
100 ## - MAIN ENTRY--PERSONAL NAME
Author GHAI
245 ## - TITLE STATEMENT
Title ESSENTIAL PEDIATRICS
250 ## - EDITION STATEMENT
Edition statement 9TH ED.
260 ## - PUBLICATION, DISTRIBUTION, ETC.
Place of publication, distribution, etc. NEW DELHI
Name of publisher, distributor, etc. CBS PUBLICATIONS
Date of publication, distribution, etc. 2018
300 ## - PHYSICAL DESCRIPTION
Extent 798 pg.
365 ## - TRADE PRICE
Price type code RS
Price amount 1295
650 ## - SUBJECT ADDED ENTRY--TOPICAL TERM
Topical term or geographic name entry element CHILD HEALTH NURSING
942 ## - ADDED ENTRY ELEMENTS (KOHA)
Koha item type Books
Holdings
Withdrawn status Lost status Source of classification or shelving scheme Damaged status Not for loan Home library Current library Date acquired Net Price Total Checkouts Total Renewals Full call number Barcode Date last seen Date last checked out Actual Price Bill Date Koha item type Original Barcode Date due
    Dewey Decimal Classification     Sitabai Nargundkar College of Nursing Nagpur Sitabai Nargundkar College of Nursing Nagpur 03/12/2022 1295.00 5 1 610 GHA SNCN-BK-3017 06/06/2025 13/05/2025 893.55 12/12/2022 Books 3017  
    Dewey Decimal Classification     Sitabai Nargundkar College of Nursing Nagpur Sitabai Nargundkar College of Nursing Nagpur 03/12/2022 1295.00 4 1 610 GHA SNCN-BK-3018 18/07/2025 03/07/2025 893.55 12/12/2022 Books 3018  
    Dewey Decimal Classification     Sitabai Nargundkar College of Nursing Nagpur Sitabai Nargundkar College of Nursing Nagpur 03/12/2022 1295.00 1   610 GHA SNCN-BK-3019 29/06/2024 29/06/2024 893.55 12/12/2022 Books 3019 29/07/2024